000 00652nam a22002177a 4500
003 UA-OsUOA
001 116585
007 ta
008 20160324b un ||||| |||| 00| 0 ukr d
100 _aФедунь М.
090 _a82
_bФ34
942 _cSA
040 _aUA-OsUOA
_bukr
_cUA-OsUOA
_dUA-OsUOA
245 _aЗахідноукраїнське шевченкознавство першої половини ХХ століття на уроках літератури
300 _aС.17-20
955 _a0
041 _aukr
080 _a82
773 0 _w116583
650 7 _a82 Література. Літературознавство
_2UDC
999 _c402498
_d402498